اآں حضرت بحیشیت سپہ سالار (Record no. 550497)

000 -LEADER
fixed length control field 00420nam a22001337a 4500
082 ## - DEWEY DECIMAL CLASSIFICATION NUMBER
Classification number 297.63
Author Mark SHE
-- l-31-11, P-28
100 ## - MAIN ENTRY--PERSONAL NAME
Personal name Khetab, Muhammad Sheit
9 (RLIN) 47206
245 ## - TITLE STATEMENT
Title اآں حضرت بحیشیت سپہ سالار
Statement of responsibility, etc. Khetab, Muhammad Sheit
260 ## - PUBLICATION, DISTRIBUTION, ETC.
Place of publication, distribution, etc. Lahore
Name of publisher, distributor, etc. Elmi printing press lahore
300 ## - PHYSICAL DESCRIPTION
Extent 636p.:
Other physical details ill,;
Dimensions 15 cm.
526 ## - STUDY PROGRAM INFORMATION NOTE
Program name 0
Interest level 0
Reading level 0
Title point value 297_630000000000000_SHE
650 ## - SUBJECT ADDED ENTRY--TOPICAL TERM
Topical term or geographic name entry element MCE
9 (RLIN) 379
942 ## - ADDED ENTRY ELEMENTS (KOHA)
Source of classification or shelving scheme
Koha item type Book
Holdings
Withdrawn status Lost status Source of classification or shelving scheme Damaged status Not for loan Permanent Location Current Location Date acquired Total Checkouts Full call number Barcode Date last seen Price effective from Koha item type
          Military College of Engineering (MCE) Military College of Engineering (MCE) 11/12/2014   297.63 SHE MCE-9819 11/12/2014 11/12/2014 Book
© 2023 Central Library, National University of Sciences and Technology. All Rights Reserved.